Movies Quiz

Random Movies Quiz

Films by Franchise Quiz Stats

 Plays Quiz not verified by Sporcle

Challenge
Share
Tweet
Embed
Score 0/145 Timer 20:00
0 Plays Today
Hint Answer % Correct
Lord Of The RingsReturn Of The King
89.5%
Austin PowersThe Spy Who Shagged Me
89.5%
Star WarsEpisode VII: The Force Awakens
88.9%
Burton/Schumacher BatmanBatman
88.8%
Jason BourneThe Bourne Identity
88.8%
X-MenDeadpool
88.2%
Lord Of The RingsThe Two Towers
88.1%
Die HardDie Hard
88.1%
Nolan BatmanThe Dark Knight
87.4%
Lord Of The RingsFellowship Of The Ring
87.4%
Star WarsEpisode IV: A New Hope
86%
Star WarsEpisode VI: Return Of The Jedi
86%
Indiana JonesRaiders Of The Lost Ark
86%
Burton/Schumacher BatmanBatman + Robin
86%
Nolan BatmanBatman Begins
86%
Nolan BatmanThe Dark Knight Rises
86%
Austin PowersGoldmember
86%
Austin PowersInternational Man Of Mystery
86%
TerminatorThe Terminator
86%
Star WarsEpisode V: The Empire Strikes Back
85.3%
Indiana JonesThe Temple Of Doom
85.3%
Burton/Schumacher BatmanBatman Returns
85.3%
Burton/Schumacher BatmanBatman Forever
85.3%
X-MenX-Men
85.3%
Jason BourneThe Bourne Supremacy
85.3%
Jason BourneThe Bourne Ultimatum
85.3%
The Hunger GamesThe Hunger Games
84.6%
Star WarsEpisode II: Attack Of The Clones
83.9%
Marvel Cinematic UniverseThe Avengers
83.2%
Star WarsEpisode III: Revenge Of The Sith
82.5%
The Hunger GamesCatching Fire
82.5%
Marvel Cinematic UniverseIron Man
82.5%
James Bond (Eon Productions)Skyfall
82.4%
Star WarsEpisode I: The Phantom Menace
81.8%
Indiana JonesThe Last Crusade
81.8%
Indiana JonesKingdom Of The Crystal Skull
81.8%
X-MenThe Wolverine
81.8%
Pirates Of The CaribbeanThe Curse Of The Black Pearl
81.8%
Naked GunNaked Gun: From The Files Of Police Squad!
81.8%
Marvel Cinematic UniverseIron Man 2
81.8%
Marvel Cinematic UniverseIron Man 3
81.8%
Dirty HarryDirty Harry
81.1%
Marvel Cinematic UniverseCaptain America: The First Avenger
81.1%
Mad MaxMad Max
80.4%
James Bond (Eon Productions)Dr. No
79.7%
The HobbitThe Desolation Of Smaug
79.7%
Pirates Of The CaribbeanAt World's End
79%
Harry PotterThe Chamber Of Secrets
79%
Marvel Cinematic UniverseThor
79%
Hint Answer % Correct
Star TrekStar Trek: The Motion Picture
78.3%
James Bond (Eon Productions)Casino Royale
78.3%
Harry PotterThe Goblet Of Fire
78.3%
Harry PotterThe Philosopher's Stone
78.3%
Harry PotterThe Prisoner Of Azkaban
78.3%
Harry PotterThe Deathly Hallows: Part 1
78.3%
Harry PotterThe Deathly Hallows: Part 2
78.3%
James Bond (Eon Productions)Quantum Of Solace
77.6%
James Bond (Eon Productions)Spectre
77.6%
Star TrekStar Trek
76.9%
National Lampoon's VacationChristmas Vacation
76.9%
TerminatorJudgment Day
76.9%
X-MenApocalypse
76.5%
X-MenFirst Class
76.2%
Star TrekII: The Wrath Of Khan
76.2%
James Bond (Eon Productions)Goldfinger
76.2%
Harry PotterThe Half-Blood Prince
76.2%
TerminatorSalvation
76.2%
X-MenX2: X-Men United
75.5%
James Bond (Eon Productions)Goldeneye
75.5%
Harry PotterThe Order Of The Phoenix
75.5%
Die HardDie Hard With A Vengeance
75.5%
Pirates Of The CaribbeanDead Man's Chest
74.8%
Mad MaxBeyond Thunderdome
74.8%
The Man With No NameThe Good, The Bad And The Ugly
74.1%
MuppetsThe Muppets
74.1%
X-MenDays Of Future Past
72.7%
National Lampoon's VacationVacation
72.7%
Jason BourneThe Bourne Legacy
72.7%
Die HardDie Harder
72.7%
The Hunger GamesMockingjay: Part 1
72.7%
X-MenThe Last Stand
72%
James Bond (Eon Productions)Die Another Day
72%
James Bond (Eon Productions)Octopussy
72%
The Hunger GamesMockingjay: Part 2
72%
James Bond (Eon Productions)Moonraker
71.3%
Pirates Of The CaribbeanOn Stranger Tides
71.3%
TerminatorRise Of The Machines
71.3%
Die HardLive Free Or Die Hard
70.6%
Marvel Cinematic UniverseThe Incredible Hulk
70.6%
Marvel Cinematic UniverseCaptain America: The Winter Soldier
70.6%
Mad MaxThe Road Warrior
69.2%
James Bond (Eon Productions)The Man With The Golden Gun
68.5%
The Man With No NameFor A Few Dollars More
68.5%
National Lampoon's VacationEuropean Vacation
67.8%
James Bond (Eon Productions)From Russia With Love
67.1%
The Man With No NameA Fistful Of Dollars
67.1%
X-MenX-Men Origins: Wolverine
66.4%
Star TrekInto Darkness
65%
Hint Answer % Correct
James Bond (Eon Productions)Tomorrow Never Dies
63.6%
MuppetsThe Muppets Take Manhattan
63.6%
The HobbitAn Unexpected Journey
62.9%
National Lampoon's VacationVegas Vacation
61.5%
Marvel Cinematic UniverseThor: The Dark World
61.5%
James Bond (Eon Productions)Thunderball
60.8%
James Bond (Eon Productions)Diamonds Are Forever
60.8%
James Bond (Eon Productions)The World Is Not Enough
60.8%
Die HardA Good Day To Die Hard
60.8%
Marvel Cinematic UniverseCaptain America: Civil War
58.8%
MuppetsThe Muppet Movie
57.3%
James Bond (Eon Productions)On Her Majesty's Secret Service
56.6%
James Bond (Eon Productions)The Spy Who Loved Me
56.6%
James Bond (Eon Productions)The Living Daylights
55.2%
Star TrekIII: The Search For Spock
54.5%
Dirty HarrySudden Impact
54.5%
Marvel Cinematic UniverseGuardians Of The Galaxy
54.5%
James Bond (Eon Productions)You Only Live Twice
53.8%
James Bond (Eon Productions)Live And Let Die
53.8%
James Bond (Eon Productions)A View To A Kill
52.4%
Naked Gun2½: Smell Of Fear
51.7%
Dirty HarryThe Dead Pool
51%
Star TrekGenerations
49%
The HobbitThe Battle Of The Five Armies
47.6%
James Bond (Eon Productions)Licence To Kill
46.9%
Naked Gun33⅓: The Final Insult
46.9%
Star TrekIV: The Voyage Home
45.5%
MuppetsThe Muppets Christmas Carol
45.5%
Dirty HarryMagnum Force
44.1%
James Bond (Eon Productions)For Your Eyes Only
42.7%
Millenium TrilogyThe Girl With The Dragon Tattoo
42.7%
MuppetsMuppets Most Wanted
42%
Marvel Cinematic UniverseAvengers: Age Of Ultron
42%
Star TrekFirst Contact
41.3%
Star TrekNemesis
41.3%
MuppetsMuppet Treasure Island
41.3%
Marvel Cinematic UniverseAnt-Man
39.9%
MuppetsThe Great Muppet Caper
39.2%
Star TrekInsurrection
35%
Millenium TrilogyThe Girl Who Played With Fire
33.6%
Star TrekV: The Final Frontier
31.5%
Star TrekVI: The Undiscovered Country
31.5%
Millenium TrilogyThe Girl Who Kicked The Hornet's Nest
30.8%
Mad MaxFury Road
30.8%
Dirty HarryThe Enforcer
28.7%
MuppetsMuppets From Space
26.6%
TerminatorGenisys
21.7%

You're not logged in!

Compare scores with friends on all Sporcle quizzes.
Join for Free
OR
Log In

You Might Also Like...

Show Comments

Extras

Created Sep 29, 2014ReportNominate
Tags:franchise

Top Quizzes Today


Score Distribution

Your Account Isn't Verified!

In order to create a playlist on Sporcle, you need to verify the email address you used during registration. Go to your Sporcle Settings to finish the process.

Report this User

Report this user for behavior that violates our Community Guidelines.

Details: